000 00532cam a2200169 4500500
005 20260329001744.0
041 _afre
042 _adc
100 1 0 _aChapuis, Émilie
_eauthor
245 0 0 _aVincennes : Une aventure de la pensée critique
260 _c2009.
500 _a40
690 _aChomsky
690 _aGilles Deleuze
786 0 _nPhilosophie magazine | 27 | 3 | 2009-03-01 | p. 39-39 | 1951-1787
856 4 1 _uhttps://shs.cairn.info/magazine-philosophie-magazine-2009-3-page-39?lang=fr&redirect-ssocas=7080
999 _c1808324
_d1808324